[Event "Titled Tuesday intern op 02nd Apr Late"]
[Site "Chess.com INT"]
[Date "2024.04.02"]
[Round "9"]
[White "Fuentes Godoy, Lilia Ivonne"]
[Black "Yedidia, Jonathan"]
[Result "0-1"]
[WhiteElo "2144"]
[BlackElo "2361"]
[PlyCount "88"]
[EventDate "2024.04.02"]
[EventType "swiss (blitz)"]
[EventRounds "11"]
[EventCountry "USA"]
[SourceTitle "CB15_2024"]
[SourceDate "2024.04.10"]
[SourceVersion "1"]
[SourceVersionDate "2024.04.10"]
[SourceQuality "1"]

1. d4 d6 2. c4 e5 3. dxe5 dxe5 4. Qxd8+ Kxd8 5. Nf3 f6 6. Nc3 c6 7. g3 Be6 8. b3 Bb4 9. Bd2 Nd7 10. 0-0-0 Kc7 11. Bg2 Ne7 12. Kb2 Bc5 13. Ne4 a5 14. Bc3 Bb6 15. e3 Nc5 16. Nxc5 Bxc5 17. Nd2 Nf5 18. Ne4 Be7 19. Rd2 h5 20. h4 Nh6 21. Bh3 Bxh3 22. Rxh3 Rad8 23. Rxd8 Rxd8 24. Rh1 Bb4 25. Kc2 Bxc3 26. Nxc3 Ng4 27. Rf1 f5 28. Nd1 e4 29. Nc3 Rd3 30. Ne2 Rxe3 31. Nd4 g6 32. Ne6+ Kd6 33. Nf4 Rf3 34. Nxg6 Ne3+ 35. fxe3 Rxf1 36. Nf4 Rf3 37. Nxh5 Rxe3 38. Ng7 Re2+ 39. Kd1 Rf2 40. h5 Ke5 41. h6 Rh2 42. Ne8 Rxh6 43. Ke2 Rh8 44. Ng7 Kf6 0-1

[Event "Titled Tuesday intern op 02nd Apr Late"]
[Site "Chess.com INT"]
[Date "2024.04.02"]
[Round "11"]
[White "Korol, Dimitry"]
[Black "Fuentes Godoy, Lilia Ivonne"]
[Result "0-1"]
[WhiteElo "2287"]
[BlackElo "2144"]
[PlyCount "76"]
[EventDate "2024.04.02"]
[EventType "swiss (blitz)"]
[EventRounds "11"]
[EventCountry "USA"]
[SourceTitle "CB15_2024"]
[SourceDate "2024.04.10"]
[SourceVersion "1"]
[SourceVersionDate "2024.04.10"]
[SourceQuality "1"]

1. d4 d5 2. c4 e6 3. Nc3 c6 4. e3 f5 5. f4 Nf6 6. Nf3 Bd6 7. Be2 0-0 8. 0-0 Ne4 9. Ne5 Nd7 10. Nxe4 fxe4 11. Qb3 Qe7 12. Bd2 Nf6 13. a3 Rb8 14. Bb4 Bd7 15. Bxd6 Qxd6 16. Qb4 Qc7 17. Rfc1 Be8 18. h3 Bf7 19. Rc3 a5 20. Qb3 Nd7 21. Nxd7 Qxd7 22. Qb6 Ra8 23. Rac1 Ra6 24. Qb3 Raa8 25. Qb6 Rfb8 26. c5 a4 27. Rf1 Qd8 28. Qxd8+ Rxd8 29. Rfc1 h6 30. Kf2 g5 31. g3 Kg7 32. R1c2 Rf8 33. Rc1 Be8 34. b4 Bd7 35. Rb1 Kf6 36. b5 gxf4 37. gxf4 Rg8 38. bxc6 Bxc6 0-1

[Event "Titled Tuesday intern op 02nd Apr Late"]
[Site "Chess.com INT"]
[Date "2024.04.02"]
[Round "7"]
[White "Shapiro, Viktor"]
[Black "Fuentes Godoy, Lilia Ivonne"]
[Result "1-0"]
[WhiteElo "2113"]
[BlackElo "2144"]
[PlyCount "61"]
[EventDate "2024.04.02"]
[EventType "swiss (blitz)"]
[EventRounds "11"]
[EventCountry "USA"]
[SourceTitle "CB15_2024"]
[SourceDate "2024.04.10"]
[SourceVersion "1"]
[SourceVersionDate "2024.04.10"]
[SourceQuality "1"]

1. Nf3 d5 2. c4 e6 3. d4 c6 4. Nc3 dxc4 5. a4 Bb4 6. e3 b5 7. Nd2 a5 8. axb5 Bxc3 9. bxc3 cxb5 10. Rb1 Bd7 11. Qg4 Qf6 12. Ba3 Qg6 13. Qf4 Nc6 14. Rxb5 e5 15. dxe5 Nb4 16. Bxc4 Nc2+ 17. Ke2 Nxa3 18. Bd3 Bxb5 19. c4 Qe6 20. cxb5 Ne7 21. Ra1 Nd5 22. Qd4 Rd8 23. Rxa3 Nb4 24. Qe4 0-0 25. Bc4 Qb6 26. e6 fxe6 27. Qxe6+ Qxe6 28. Bxe6+ Kh8 29. Rxa5 Rd6 30. Bg4 Nd3 31. Ne4 1-0

[Event "Titled Tuesday intern op 02nd Apr Late"]
[Site "Chess.com INT"]
[Date "2024.04.02"]
[Round "1"]
[White "Taichman, Ori"]
[Black "Fuentes Godoy, Lilia Ivonne"]
[Result "1/2-1/2"]
[WhiteElo "2329"]
[BlackElo "2144"]
[PlyCount "124"]
[EventDate "2024.04.02"]
[EventType "swiss (blitz)"]
[EventRounds "11"]
[EventCountry "USA"]
[SourceTitle "CB15_2024"]
[SourceDate "2024.04.10"]
[SourceVersion "1"]
[SourceVersionDate "2024.04.10"]
[SourceQuality "1"]

1. e4 c6 2. d4 d5 3. e5 Bf5 4. Nd2 e6 5. Nb3 c5 6. dxc5 Nc6 7. Nf3 a5 8. Nbd4 Bxc5 9. Nxf5 exf5 10. Bd3 Nge7 11. 0-0 0-0 12. c3 d4 13. c4 Qc7 14. Re1 Rfd8 15. a3 Qb6 16. Qc2 Rac8 17. Bxf5 d3 18. Bxd3 Rxd3 19. Qxd3 Bxf2+ 20. Kh1 Bxe1 21. Nxe1 Nxe5 22. Qe2 N7g6 23. Be3 Qe6 24. b3 Re8 25. Bd2 Qd7 26. Bxa5 Ng4 27. Qd2 Qf5 28. Nf3 Nf4 29. Re1 Ra8 30. b4 Ne6 31. c5 Nf6 32. Nd4 Nxd4 33. Qxd4 Rf8 34. Bc7 Rc8 35. Bd6 Rd8 36. Qe5 Qd7 37. h3 Re8 38. Qg3 Rxe1+ 39. Qxe1 h6 40. Qe7 Qc6 41. Qd8+ Kh7 42. Be5 Ne4 43. Qf8 Nf2+ 44. Kg1 Nxh3+ 45. gxh3 Qg6+ 46. Kh2 Qc2+ 47. Kg3 Qd3+ 48. Kf4 g5+ 49. Kg4 Qe4+ 50. Kg3 Qxe5+ 51. Kf3 Qc3+ 52. Ke4 Qc4+ 53. Ke5 Qe6+ 54. Kd4 Qf6+ 55. Kc4 Qe6+ 56. Kc3 Qe3+ 57. Kc2 Qe2+ 58. Kb3 Qd3+ 59. Kb2 Qd2+ 60. Kb3 Qd3+ 61. Ka4 Qa6+ 62. Kb3 Qd3+ 1/2-1/2

[Event "Titled Tuesday intern op 12th Mar Early"]
[Site "Chess.com INT"]
[Date "2024.03.12"]
[Round "5"]
[White "Vlachos, Anatole"]
[Black "Fuentes Godoy, Lilia Ivonne"]
[Result "1-0"]
[WhiteElo "2479"]
[BlackElo "2158"]
[PlyCount "65"]
[EventDate "2024.03.12"]
[EventType "swiss (blitz)"]
[EventRounds "11"]
[EventCountry "USA"]
[SourceTitle "CB12_2024"]
[SourceDate "2023.10.01"]
[SourceVersion "1"]
[SourceVersionDate "2023.10.01"]
[SourceQuality "1"]

1. e4 c6 2. d4 d5 3. Nc3 dxe4 4. Nxe4 Bf5 5. Ng3 Bg6 6. Nh3 e6 7. Nf4 Bd6 8. h4 Qc7 9. Qf3 Nf6 10. h5 Bxc2 11. h6 g5 12. Ng6 fxg6 13. Qxf6 Rf8 14. Qxe6+ Qe7 15. Bc4 Bb4+ 16. Bd2 Qxe6+ 17. Bxe6 Bxd2+ 18. Kxd2 Rxf2+ 19. Kc3 Rxg2 20. Bg8 Rxg3+ 21. Kxc2 Rg2+ 22. Kc3 Rg3+ 23. Kd2 Rg2+ 24. Ke3 Nd7 25. Bxh7 Nf8 26. Bg8 0-0-0 27. Raf1 Rg3+ 28. Ke2 Rg2+ 29. Kd3 Rg4 30. Rxf8 Rxf8 31. h7 Rg3+ 32. Kc4 b5+ 33. Kb4 1-0

[Event "Titled Tuesday intern op 12th Sep Late"]
[Site "Chess.com INT"]
[Date "2023.09.12"]
[Round "9"]
[White "Fuentes Godoy, Lilia Ivonne"]
[Black "Biliy, Vadim"]
[Result "1-0"]
[WhiteElo "2158"]
[BlackElo "2331"]
[PlyCount "83"]
[EventDate "2023.09.12"]
[EventType "swiss (blitz)"]
[EventRounds "11"]
[EventCountry "USA"]
[SourceTitle "EXT 2024"]
[Source "ChessBase"]
[SourceDate "2023.10.10"]
[SourceVersion "1"]
[SourceVersionDate "2023.10.10"]
[SourceQuality "1"]

1. d4 c5 2. d5 f5 3. c4 Nf6 4. Nc3 g6 5. g3 Bg7 6. Bg2 0-0 7. Nf3 a6 8. a4 h6 9. 0-0 e6 10. Ne5 Qe8 11. Nd3 e5 12. Nxc5 e4 13. Be3 d6 14. Nb3 Nbd7 15. Qd2 Ne5 16. c5 Nc4 17. Qc1 Nxe3 18. Qxe3 Ng4 19. Qc1 Bd7 20. h3 Ne5 21. cxd6 Rc8 22. Rd1 Nc4 23. Nd4 Nxd6 24. Ra3 Qe5 25. Rb3 Bxa4 26. f4 Qf6 27. e3 Bxb3 28. Nxb3 Nb5 29. Nd4 Nxc3 30. bxc3 Rfd8 31. c4 Qb6 32. Ne6 Qb4 33. Nxd8 Rxd8 34. c5 Bf8 35. d6 b6 36. Bf1 Qxc5 37. Bc4+ Kh7 38. d7 Qe7 39. Qd2 b5 40. Bb3 Bg7 41. Qd5 Bf6 42. Qe6 1-0

[Event "Titled Tuesday intern op 12th Sep Late"]
[Site "Chess.com INT"]
[Date "2023.09.12"]
[Round "3"]
[White "Korol, Dimitry"]
[Black "Fuentes Godoy, Lilia Ivonne"]
[Result "1-0"]
[WhiteElo "2287"]
[BlackElo "2158"]
[PlyCount "81"]
[EventDate "2023.09.12"]
[EventType "swiss (blitz)"]
[EventRounds "11"]
[EventCountry "USA"]
[SourceTitle "EXT 2024"]
[Source "ChessBase"]
[SourceDate "2023.10.10"]
[SourceVersion "1"]
[SourceVersionDate "2023.10.10"]
[SourceQuality "1"]

1. d4 d5 2. c4 e6 3. Nc3 c6 4. e3 f5 5. Nf3 Nf6 6. Ne5 Bd6 7. f4 0-0 8. Be2 b6 9. 0-0 Bb7 10. Bd2 c5 11. Qb3 cxd4 12. exd4 Nc6 13. Be3 Rc8 14. c5 bxc5 15. Qxb7 Nxd4 16. Bxd4 cxd4 17. Nb5 Bc5 18. Bd3 Ne4 19. Rac1 Rb8 20. Qa6 Rb6 21. Qa4 Bd6 22. Nxd6 Rxd6 23. Qxd4 Qb6 24. Qxb6 axb6 25. Bxe4 fxe4 26. g3 d4 27. Rfe1 e3 28. Rcd1 Rfd8 29. Rd3 Kf8 30. Red1 Ke7 31. Nf3 e2 32. Re1 Rc8 33. Rxe2 Rc1+ 34. Kf2 Rh1 35. Kg2 Rb1 36. Red2 Rc6 37. Rxd4 Rcc1 38. Ne5 Rg1+ 39. Kh3 h5 40. Rd7+ Ke8 41. Rxg7 1-0

[Event "Caribean-chT Blitz 24th"]
[Site "San Salvador"]
[Date "2023.07.06"]
[Round "14.2"]
[White "Gonzalez Peguero, Mary Loly"]
[Black "Fuentes Godoy, Lilia Ivonne"]
[Result "0-1"]
[WhiteElo "1793"]
[BlackElo "2005"]
[PlyCount "63"]
[EventDate "2023.07.06"]
[EventType "tourn (blitz)"]
[EventRounds "15"]
[EventCountry "ESA"]
[SourceTitle "CBM 215 Extra"]
[Source "ChessBase"]
[SourceDate "2023.09.30"]
[SourceVersion "1"]
[SourceVersionDate "2023.09.30"]
[SourceQuality "1"]
[WhiteTeam "Dominican Republic"]
[BlackTeam "Mexico"]
[WhiteTeamCountry "DOM"]
[BlackTeamCountry "MEX"]

1. d3 d5 2. Nf3 Nf6 3. g3 e6 4. Bg2 c5 5. Nbd2 Nc6 6. 0-0 Bd6 7. e4 d4 8. a4 e5 9. Nc4 Bc7 10. Nh4 Be6 11. b3 a6 12. Nf5 0-0 13. f4 Qd7 14. fxe5 Nxe5 15. Nh4 b5 16. Nxe5 Bxe5 17. Bg5 c4 18. Bxf6 Bxf6 19. e5 Bxh4 20. Bxa8 Rxa8 21. gxh4 cxb3 22. cxb3 Rc8 23. Rf2 g6 24. axb5 axb5 25. Qf3 Bd5 26. Qf4 Bxb3 27. Ra6 Be6 28. Rd6 Qa7 29. Qxd4 Rc1+ 30. Kg2 Qb7+ 31. Qe4 Qc7 32. Ra6 0-1

[Event "Caribean-chT Blitz 24th"]
[Site "San Salvador"]
[Date "2023.07.06"]
[Round "4.2"]
[White "Otazo Sanchez, Annyd Gabriela"]
[Black "Fuentes Godoy, Lilia Ivonne"]
[Result "1/2-1/2"]
[WhiteElo "1904"]
[BlackElo "2005"]
[PlyCount "126"]
[EventDate "2023.07.06"]
[EventType "tourn (blitz)"]
[EventRounds "15"]
[EventCountry "ESA"]
[SourceTitle "CBM 215 Extra"]
[Source "ChessBase"]
[SourceDate "2023.09.30"]
[SourceVersion "1"]
[SourceVersionDate "2023.09.30"]
[SourceQuality "1"]
[WhiteTeam "Venezuela"]
[BlackTeam "Mexico"]
[WhiteTeamCountry "VEN"]
[BlackTeamCountry "MEX"]

1. e4 c6 2. d4 d5 3. exd5 cxd5 4. c4 Nf6 5. Nc3 Nc6 6. cxd5 Nxd5 7. Bc4 e6 8. Nf3 Be7 9. 0-0 0-0 10. Be3 a6 11. Bb3 Na5 12. Rc1 Nxb3 13. Qxb3 Nxe3 14. fxe3 b5 15. Ne4 Bb7 16. Nc5 Bd5 17. Qc2 Rc8 18. b4 a5 19. a3 axb4 20. axb4 Qd6 21. Ne5 Rc7 22. Ra1 f6 23. Ned3 e5 24. Ra6 Rc6 25. dxe5 fxe5 26. Rxf8+ Bxf8 27. Rxc6 Bxc6 28. Qc3 e4 29. Nf4 Be7 30. Qd4 Qh6 31. Qe5 Qf6 32. Qxf6 Bxf6 33. Kf2 Bc3 34. Na6 Kf7 35. Ne2 Bd2 36. Nd4 Bd7 37. Nc7 Bxb4 38. Ncxb5 Bc5 39. Nc3 Bxd4 40. exd4 Bf5 41. Ke3 Ke6 42. d5+ Ke5 43. g3 g5 44. h4 gxh4 45. gxh4 h5 46. Ke2 Bg6 47. Ke3 Bf5 48. Kf2 Kd4 49. Ne2+ Kxd5 50. Nf4+ Kd4 51. Nxh5 e3+ 52. Ke1 Bg4 53. Nf4 Ke4 54. Ng2 e2 55. h5 Bxh5 56. Nh4 Bg4 57. Ng2 Kf3 58. Nh4+ Ke4 59. Ng6 Bf3 60. Ne7 Ke3 61. Nf5+ Kd3 62. Ng3 Bg4 63. Nxe2 Bxe2 1/2-1/2

[Event "Caribean-chT Rapid 24th"]
[Site "San Salvador"]
[Date "2023.07.04"]
[Round "10.1"]
[White "Fuentes Godoy, Lilia Ivonne"]
[Black "Gonzalez Peguero, Mary Loly"]
[Result "1-0"]
[WhiteElo "2057"]
[BlackElo "1688"]
[PlyCount "56"]
[EventDate "2023.07.03"]
[EventType "tourn (rapid)"]
[EventRounds "15"]
[EventCountry "ESA"]
[SourceTitle "CBM 215 Extra"]
[Source "ChessBase"]
[SourceDate "2023.09.30"]
[SourceVersion "1"]
[SourceVersionDate "2023.09.30"]
[SourceQuality "1"]
[WhiteTeam "Mexico"]
[BlackTeam "Dominican Republic"]
[WhiteTeamCountry "MEX"]
[BlackTeamCountry "DOM"]

1. d4 Nf6 2. c4 g6 3. Nc3 Bg7 4. e4 d6 5. Be2 0-0 6. Bg5 c5 7. d5 h6 8. Bf4 Nbd7 9. Qd2 Kh7 10. Nf3 Ng4 11. h3 Nge5 12. Nh2 Nb6 13. b3 Nbd7 14. Ng4 g5 15. Be3 Kg8 16. h4 Nxg4 17. Bxg4 Ne5 18. Bxc8 Qxc8 19. hxg5 hxg5 20. Bxg5 Qg4 21. Bh6 f6 22. Bxg7 Qxg7 23. 0-0-0 Kf7 24. f4 Ng4 25. Rhf1 Ke8 26. Rf3 Kd7 27. Rg3 Rg8 28. Qe2 f5 1-0

[Event "Caribean-chT Rapid 24th"]
[Site "San Salvador"]
[Date "2023.07.04"]
[Round "7.1"]
[White "Fuentes Godoy, Lilia Ivonne"]
[Black "Viana, Valeria"]
[Result "0-1"]
[WhiteElo "2057"]
[BlackElo "1495"]
[PlyCount "70"]
[EventDate "2023.07.03"]
[EventType "tourn (rapid)"]
[EventRounds "15"]
[EventCountry "ESA"]
[SourceTitle "CBM 215 Extra"]
[Source "ChessBase"]
[SourceDate "2023.09.30"]
[SourceVersion "1"]
[SourceVersionDate "2023.09.30"]
[SourceQuality "1"]
[WhiteTeam "Mexico"]
[BlackTeam "Honduras"]
[WhiteTeamCountry "MEX"]
[BlackTeamCountry "HON"]

1. d4 d5 2. c4 c6 3. cxd5 cxd5 4. Bf4 Nc6 5. e3 Nf6 6. Nc3 e6 7. Bd3 Be7 8. h3 0-0 9. Nf3 a6 10. 0-0 Re8 11. Rc1 Bd6 12. Ne5 Qc7 13. Nxc6 bxc6 14. Bxd6 Qxd6 15. Na4 e5 16. Nb6 exd4 17. exd4 Rb8 18. Nxc8 Rbxc8 19. Bxa6 Ra8 20. Bb7 Rxa2 21. Bxc6 Rb8 22. b3 Ra6 23. Ba4 h6 24. Qd3 Rab6 25. Rc2 g6 26. Rfc1 Kg7 27. Rc7 Qf4 28. R1c2 Rb4 29. Qe3 Rxd4 30. Qxf4 Rxf4 31. Rd2 Rd8 32. Bc6 Ne4 33. Rxd5 Rd7 34. Rd6 Rxd6 35. Bd5 Rxd5 0-1

[Event "Caribean-chT Rapid 24th"]
[Site "San Salvador"]
[Date "2023.07.03"]
[Round "1.1"]
[White "Fuentes Godoy, Lilia Ivonne"]
[Black "Perez Hernandez, Vicmary C"]
[Result "1-0"]
[WhiteElo "2057"]
[BlackElo "1752"]
[PlyCount "79"]
[EventDate "2023.07.03"]
[EventType "tourn (rapid)"]
[EventRounds "15"]
[EventCountry "ESA"]
[SourceTitle "CBM 215 Extra"]
[Source "ChessBase"]
[SourceDate "2023.09.30"]
[SourceVersion "1"]
[SourceVersionDate "2023.09.30"]
[SourceQuality "1"]
[WhiteTeam "Mexico"]
[BlackTeam "Venezuela"]
[WhiteTeamCountry "MEX"]
[BlackTeamCountry "VEN"]

1. d4 Nf6 2. c4 g6 3. Nc3 Bg7 4. e4 d6 5. Be2 0-0 6. Bg5 c5 7. d5 e6 8. Nf3 exd5 9. exd5 Re8 10. 0-0 h6 11. Bh4 Bg4 12. h3 Bxf3 13. Bxf3 Nbd7 14. Qc2 Ne5 15. Be2 g5 16. Bg3 Ng6 17. Rfe1 h5 18. Qf5 h4 19. Bh2 Nh7 20. Bh5 Rxe1+ 21. Rxe1 Nhf8 22. Ne4 Be5 23. Nxg5 Qc7 24. Bxe5 dxe5 25. Ne4 Kg7 26. d6 Qd7 27. Qf6+ Kg8 28. Nxc5 Qc6 29. Nd3 Nd7 30. Qg5 Qxd6 31. Bxg6 fxg6 32. Nxe5 Re8 33. f4 Kg7 34. Kh2 b6 35. Qxh4 Nxe5 36. fxe5 Rxe5 37. Qg3 Re6 38. Qxd6 Rxd6 39. Re7+ Kf6 40. Rxa7 1-0

[Event "Titled Tuesday intern op 13th Jun Late"]
[Site "Chess.com INT"]
[Date "2023.06.13"]
[Round "2"]
[White "Fuentes Godoy, Lilia Ivonne"]
[Black "Przybylski, Wojciech"]
[Result "0-1"]
[WhiteElo "2196"]
[BlackElo "2308"]
[PlyCount "106"]
[EventDate "2023.06.13"]
[EventType "swiss (blitz)"]
[EventRounds "11"]
[EventCountry "USA"]
[SourceTitle "EXT 2024"]
[Source "ChessBase"]
[SourceDate "2023.10.10"]
[SourceVersion "1"]
[SourceVersionDate "2023.10.10"]
[SourceQuality "1"]

1. d4 Nf6 2. c4 e6 3. Nf3 b6 4. g3 Ba6 5. Qa4 Bb7 6. Bg2 c5 7. 0-0 Na6 8. a3 cxd4 9. Nxd4 Nc5 10. Qc2 Bxg2 11. Kxg2 d5 12. b4 dxc4 13. Bb2 Qd5+ 14. f3 Nb3 15. Nxb3 cxb3 16. Qd2 Rd8 17. Rd1 Be7 18. Qxd5 Nxd5 19. Kf2 a5 20. e4 Bf6 21. Bxf6 Nxf6 22. Nc3 Ke7 23. Rab1 Rxd1 24. Nxd1 a4 25. Nc3 b5 26. Nxb5 Rc8 27. Ke3 Nd7 28. Kd4 Rc2 29. Nc3 Nb6 30. Kd3 Rxh2 31. b5 Kd6 32. f4 Rc2 33. Nxa4 Nxa4 34. Rxb3 Rc8 35. Rb4 Nb6 36. Rb2 Ra8 37. e5+ Kc5 38. Rb3 Ra4 39. Rc3+ Kxb5 40. Rc7 Rxa3+ 41. Ke2 Rxg3 42. Rxf7 h5 43. Kf2 h4 44. Re7 Nd5 45. Rxe6 Nxf4 46. Re8 Kc6 47. Rh8 Nd3+ 48. Kf1 g5 49. Rh6+ Kd5 50. e6 Kd6 51. e7+ Kxe7 52. Rg6 Nf4 53. Rg7+ Kf6 0-1

[Event "Titled Tuesday intern op 13th Jun Late"]
[Site "Chess.com INT"]
[Date "2023.06.13"]
[Round "11"]
[White "Fuentes Godoy, Lilia Ivonne"]
[Black "Slovineanu, Viacheslav"]
[Result "1-0"]
[WhiteElo "2196"]
[BlackElo "2412"]
[PlyCount "65"]
[EventDate "2023.06.13"]
[EventType "swiss (blitz)"]
[EventRounds "11"]
[EventCountry "USA"]
[SourceTitle "EXT 2024"]
[Source "ChessBase"]
[SourceDate "2023.10.10"]
[SourceVersion "1"]
[SourceVersionDate "2023.10.10"]
[SourceQuality "1"]

1. d4 Nf6 2. c4 e6 3. Nf3 c5 4. d5 d6 5. Nc3 exd5 6. cxd5 g6 7. h3 Bg7 8. e4 0-0 9. Bd3 b5 10. Nxb5 Re8 11. 0-0 Nxe4 12. Re1 a6 13. Nc7 Qxc7 14. Rxe4 Rxe4 15. Bxe4 Nd7 16. Nd2 Nb6 17. a4 Bb7 18. Qf3 f5 19. Bc2 Bxd5 20. Qa3 a5 21. Nf1 Nc4 22. Qd3 Qc6 23. Bb3 Nb6 24. Bxd5+ Nxd5 25. Bg5 Bxb2 26. Rd1 Bd4 27. Qc4 Rc8 28. Ne3 Bxe3 29. Rxd5 Bxg5 30. Rxd6+ Kg7 31. Rxc6 Rxc6 32. Qd5 Rc7 33. Qe5+ 1-0

[Event "Titled Tuesday intern op 13th Jun Late"]
[Site "Chess.com INT"]
[Date "2023.06.13"]
[Round "1"]
[White "Novik, Maxim"]
[Black "Fuentes Godoy, Lilia Ivonne"]
[Result "1-0"]
[WhiteElo "2436"]
[BlackElo "2196"]
[PlyCount "81"]
[EventDate "2023.06.13"]
[EventType "swiss (blitz)"]
[EventRounds "11"]
[EventCountry "USA"]
[SourceTitle "EXT 2024"]
[Source "ChessBase"]
[SourceDate "2023.10.10"]
[SourceVersion "1"]
[SourceVersionDate "2023.10.10"]
[SourceQuality "1"]

1. d4 d5 2. f4 e6 3. Nf3 f5 4. e3 Nf6 5. c4 c6 6. Nc3 Bd6 7. Be2 0-0 8. 0-0 b6 9. Bd2 Bb7 10. Be1 Nbd7 11. Bh4 Qe8 12. Rc1 Ne4 13. Nxe4 fxe4 14. Ne5 Rc8 15. Bh5 g6 16. Bg4 Nf6 17. Bh3 Rc7 18. Qa4 a6 19. Qb3 b5 20. cxd5 exd5 21. a4 Bc8 22. Bxc8 Qxc8 23. Bxf6 Rxf6 24. Nxc6 Bf8 25. Qxd5+ Kg7 26. axb5 axb5 27. Na7 Qd7 28. Qxd7+ Rxd7 29. Nc6 b4 30. Ne5 Ra7 31. g4 b3 32. g5 Rb6 33. Rc8 Bb4 34. Rfc1 Bd2 35. R1c7+ Rxc7 36. Rxc7+ Kg8 37. Kf2 Ra6 38. Ke2 Bb4 39. Rb7 Bd6 40. Rxb3 Ra1 41. Nc4 1-0

[Event "Titled Tuesday intern op 13th Jun Late"]
[Site "Chess.com INT"]
[Date "2023.06.13"]
[Round "6"]
[White "Rodrigues Mota, Romulo Cardoso S"]
[Black "Fuentes Godoy, Lilia Ivonne"]
[Result "0-1"]
[WhiteElo "1964"]
[BlackElo "2196"]
[PlyCount "90"]
[EventDate "2023.06.13"]
[EventType "swiss (blitz)"]
[EventRounds "11"]
[EventCountry "USA"]
[SourceTitle "EXT 2024"]
[Source "ChessBase"]
[SourceDate "2023.10.10"]
[SourceVersion "1"]
[SourceVersionDate "2023.10.10"]
[SourceQuality "1"]

1. e4 c5 2. Nf3 Nc6 3. d4 cxd4 4. Nxd4 e5 5. Nb5 a6 6. Nd6+ Bxd6 7. Qxd6 Qe7 8. Qxe7+ Ngxe7 9. Nc3 d5 10. exd5 Nb4 11. Bd3 Nxd3+ 12. cxd3 Bf5 13. d6 Nc6 14. Nd5 0-0-0 15. Nb6+ Kb8 16. 0-0 Bxd3 17. Rd1 Rxd6 18. f4 e4 19. Be3 Rhd8 20. Bc5 Rg6 21. Rd2 Nd4 22. Kh1 Rc6 23. b4 Ne6 24. g3 Nxc5 25. bxc5 Rxc5 26. Re1 Rd4 27. a4 Rb4 28. Nd7+ Kc7 29. Nxc5 Rd4 30. Nxd3 exd3 31. Re3 Rxa4 32. Rexd3 b5 33. Rd7+ Kc6 34. Rxf7 b4 35. Rxg7 b3 36. Rb2 Ra1+ 37. Kg2 Ra2 38. Rxh7 Rxb2+ 39. Kf3 Ra2 40. Rh6+ Kc5 41. Rh5+ Kc4 42. Rh8 b2 43. Rb8 Ra3+ 44. Ke2 Rb3 45. Rc8+ Kd5 0-1

[Event "Titled Tuesday intern op 30th May Late"]
[Site "Chess.com INT"]
[Date "2023.05.30"]
[Round "4"]
[White "Fuentes Godoy, Lilia Ivonne"]
[Black "Petrovic, Aleksa"]
[Result "1-0"]
[WhiteElo "2196"]
[BlackElo "2332"]
[PlyCount "159"]
[EventDate "2023.05.30"]
[EventType "swiss (blitz)"]
[EventRounds "11"]
[EventCountry "USA"]
[SourceTitle "CBM 214 Extra"]
[Source "ChessBase"]
[SourceDate "2023.07.31"]
[SourceVersion "1"]
[SourceVersionDate "2023.07.31"]
[SourceQuality "1"]

1. d4 Nf6 2. c4 e6 3. Nf3 b6 4. g3 Ba6 5. Qa4 Bb7 6. Bg2 c5 7. 0-0 cxd4 8. Nxd4 Bxg2 9. Kxg2 Be7 10. Nc3 0-0 11. e4 Qc7 12. Bf4 Qb7 13. f3 a6 14. e5 Nh5 15. Ne4 Nxf4+ 16. gxf4 f5 17. Nd6 Bxd6 18. exd6 Nc6 19. Nxc6 dxc6 20. Rfe1 Qd7 21. Rad1 Kh8 22. c5 bxc5 23. Qc4 Rf6 24. Qxc5 Rb8 25. Rd2 h6 26. Rc2 Rc8 27. Kf1 Kh7 28. Rg2 Rd8 29. Rd1 Qb7 30. b4 Rd7 31. Rc2 Rff7 32. a3 g5 33. Qxc6 Qa7 34. Qc5 Qa8 35. Qc6 Qg8 36. Re1 gxf4 37. Rg2 Rg7 38. Rxg7+ Rxg7 39. d7 Rg1+ 40. Ke2 Qg2+ 41. Kd1 Rxe1+ 42. Kxe1 Qg1+ 43. Ke2 Qxh2+ 44. Ke1 Qg1+ 45. Ke2 Qe3+ 46. Kf1 Qd3+ 47. Kg2 Qd2+ 48. Kg1 Qe1+ 49. Kg2 Qg3+ 50. Kf1 Qh3+ 51. Ke2 Qg2+ 52. Ke1 Qg1+ 53. Ke2 Qe3+ 54. Kf1 Qd3+ 55. Kf2 Qd4+ 56. Kg2 Kg6 57. Qxe6+ Kg5 58. Qg8+ Kh4 59. Qd8+ Kh5 60. Qe8+ Kh4 61. Qe7+ Kh5 62. Qf7+ Kh4 63. Qe7+ Kh5 64. Qf7+ Kh4 65. Qxf5 Qd2+ 66. Kf1 Qd1+ 67. Kg2 Qe2+ 68. Kg1 Qe1+ 69. Kg2 Qg3+ 70. Kf1 Qxf3+ 71. Ke1 Qe3+ 72. Kd1 f3 73. Qf6+ Kg3 74. d8Q Qe2+ 75. Kc1 f2 76. Qg8+ Qg4 77. Qxg4+ Kxg4 78. Qxf2 h5 79. Qh2 h4 80. Kc2 1-0